[Event "BNBank Final KO"]
[Site "Oslo NOR"]
[Date "2010.11.27"]
[Round "2.5"]
[White "Nakamura,Hi"]
[Black "Agdestein,S"]
[Result "1-0"]
[WhiteElo "2741"]
[BlackElo "2570"]

1.d4 f5 2.h4 Nf6 3.Nc3 d5 4.Bg5 e6 5.e3 Be7 6.Nf3 Ne4 7.Bxe7 Qxe7 8.Bd3 O-O
9.Ne2 c5 10.c3 Nc6 11.Bb5 Nd8 12.a3 Nf7 13.Nf4 b6 14.Ba4 Ba6 15.Bc2 Rad8
16.Bd3 Bc8 17.Qc2 Nf6 18.a4 a5 19.b3 Bb7 20.h5 Rc8 21.O-O cxd4 22.exd4 Ne4
23.c4 Qd6 24.Qc1  1-0

[Event "BNBank Final KO"]
[Site "Oslo NOR"]
[Date "2010.11.27"]
[Round "2.4"]
[White "Nakamura,Hi"]
[Black "Agdestein,S"]
[Result "0-1"]
[WhiteElo "2741"]
[BlackElo "2570"]

1.d4 f5 2.g3 Nf6 3.Bg2 e6 4.c4 c6 5.Nf3 d5 6.O-O Bd6 7.b3 Qe7 8.a4 a5 9.Ba3 b6
10.Bxd6 Qxd6 11.Qc1 Na6 12.Na3 O-O 13.Rd1 Bb7 14.Nc2 Ne4 15.Nce1 f4 16.Nd3 fxg3
17.hxg3 c5 18.Qe3 Rad8 19.cxd5 exd5  0-1

[Event "BNBank Final KO"]
[Site "Oslo NOR"]
[Date "2010.11.27"]
[Round "2.1"]
[White "Agdestein,S"]
[Black "Nakamura,Hi"]
[Result "1-0"]
[WhiteElo "2570"]
[BlackElo "2741"]

1.c4 f5 2.Nc3 Nf6 3.Nf3 d6 4.d4 g6 5.g3 Bg7 6.Bg2 O-O 7.O-O c6 8.d5 e5 9.dxe6 Bxe6
10.b3 Ne4 11.Nd4 Bf7 12.Rb1 Re8 13.Bb2 Nd7 14.Nc2 Ndf6 15.Ne3 a5 16.a4 Qe7
17.Qd2 Red8 18.Rfd1 d5 19.cxd5 Bxd5 20.Ncxd5 Nxd5  1-0

[Event "BNBank Gp1"]
[Site "Oslo NOR"]
[Date "2010.11.27"]
[Round "3"]
[White "Daskevics,Va"]
[Black "Nakamura,Hi"]
[Result "0-1"]
[WhiteElo "2461"]
[BlackElo "2741"]

1.Nf3 d6 2.d4 g6 3.g3 Bg7 4.Bg2 Bd7 5.O-O Qc8 6.e4 Bh3 7.Nc3 h5 8.Bxh3 Qxh3
9.Ng5 Qd7 10.h4 Nc6 11.Be3 Nh6 12.d5 Nd8 13.Kg2 Ng4 14.Bd4 f6 15.Nh3 c5 16.dxc6 bxc6
17.f3 Ne5 18.Qe2 Rb8 19.Rab1 O-O 20.Nf4 Qe8 21.Bxa7 Ra8 22.Bg1 e6 23.Nd3 Nd7
24.f4 f5 25.Rbe1 Rxa2 26.exf5 gxf5 27.Nb4 Ra8 28.Qf3 Rc8 29.Ra1 c5 30.Nd3 Nf6  0-1

[Event "BNBank Gp1"]
[Site "Oslo NOR"]
[Date "2010.11.27"]
[Round "7"]
[White "Lahno,Kateri"]
[Black "Nakamura,Hi"]
[Result "0-1"]
[WhiteElo "2522"]
[BlackElo "2741"]

1.e4 d5 2.exd5 Qxd5 3.Nc3 Qa5 4.Bc4 c6 5.d3 Bf5 6.h3 e6 7.Qe2 Nf6 8.Bd2 Nbd7
9.Nf3 Bg6 10.Nd5 Qd8 11.Nf4 Bd6 12.Nxg6 hxg6 13.O-O-O b5 14.Bb3 a5 15.a3 Nc5
16.Ba2 b4 17.d4 Nce4 18.a4 Nxd2 19.Nxd2 Bf4 20.g3 Bxd2+ 21.Rxd2 Qd6 22.h4 Nd5
23.Bc4 Kd7 24.Qf3 Qe7 25.Re1  0-1

[Event "BNBank Gp1"]
[Site "Oslo NOR"]
[Date "2010.11.27"]
[Round "8"]
[White "Nakamura,Hi"]
[Black "Daskevics,Va"]
[Result "1-0"]
[WhiteElo "2741"]
[BlackElo "2461"]

1.d4 Nf6 2.Bg5 Ne4 3.Bf4 c5 4.f3 Qa5+ 5.c3 Nf6 6.d5 d6 7.e4 g6 8.Nd2 Bg7
9.Nc4 Qd8 10.a4 O-O 11.Ne2 Na6 12.g4 Nc7 13.Ng3 b6 14.Qd2 Ba6 15.h4 Nd7 16.h5 Bxc4
17.Bxc4 Ne5 18.Be2 e6 19.dxe6 Nxe6 20.Be3 c4 21.f4 Nd3+ 22.Bxd3 cxd3 23.Qxd3 Qc7
24.hxg6 hxg6 25.f5 Nc5 26.Qd5 Be5 27.Kf2 Qb7 28.Qxb7 Nxb7 29.Kf3 Rfe8 30.Rh6 Bg7
31.Rh2 Rac8 32.g5 Be5 33.f6 Re6 34.Bd4  1-0

[Event "BNBank Gp1"]
[Site "Oslo NOR"]
[Date "2010.11.27"]
[Round "10"]
[White "Nakamura,Hi"]
[Black "Royset,J"]
[Result "1-0"]
[WhiteElo "2741"]
[BlackElo "2180"]

1.e4 e5 2.f4 exf4 3.Bc4 Nf6 4.Nc3 c6 5.Qe2 d5 6.exd5+ Be7 7.d4 O-O 8.Bxf4 Nxd5
9.Nxd5 cxd5 10.Bd3 Bb4+ 11.c3 Re8 12.Be3 Qh4+ 13.g3 Qe7 14.Kf2 Bd6 15.Nf3 Bg4
16.Rae1 Nc6 17.h3 Bh5 18.g4 Bg6 19.Qc2 Qf6 20.Bg5 Bxd3 21.Qxd3 Qg6 22.Qxg6 hxg6
23.Nh4 f6 24.Bd2 Kf7 25.Ng2 g5 26.Kf3 Rxe1 27.Nxe1 Re8 28.Nc2 Ne7 29.h4 gxh4
30.Rxh4 Ng6 31.Rh5 Ne7 32.Ne3 Ke6 33.b3 b6 34.c4 dxc4 35.bxc4 Kf7 36.a4 Ng6
37.Nf5 Bf8 38.Rh1 Rc8 39.Rc1 Ba3 40.Rc3 Bb4 41.Rc2 Bxd2 42.Nd6+ Ke6 43.Nxc8 Ba5
44.Nxa7 Kd7 45.c5 bxc5 46.dxc5 Ne5+ 47.Ke4 g6 48.c6+ Kc7 49.g5  1-0

[Event "2nd London Chess Classic"]
[Site "London ENG"]
[Date "2010.12.11"]
[Round "4"]
[White "Carlsen,M"]
[Black "Nakamura,Hi"]
[Result "1-0"]
[WhiteElo "2802"]
[BlackElo "2741"]

1.c4 f5 2.g3 Nf6 3.Bg2 d6 4.Nc3 g6 5.e3 Bg7 6.Nge2 O-O 7.O-O e5 8.b3 Nbd7
9.d3 c6 10.Ba3 Qc7 11.Qd2 Re8 12.Rae1 Nc5 13.h3 e4 14.dxe4 Nfxe4 15.Qc2 Nxc3
16.Nxc3 Be6 17.Rd1 Rad8 18.Bb2 Bf7 19.Rd2 a5 20.Rfd1 Be5 21.Ne2 a4 22.b4 Nd7
23.Bd4 Nb6 24.Bxb6 Qxb6 25.Rb1 Qc7 26.Nd4 Rc8 27.Rc1 Qe7 28.Rd3 c5 29.bxc5 Rxc5
30.Qxa4 Rec8 31.Rb1 Rxc4 32.Qd1 b6 33.Nb5 R4c5 34.Nxd6 Bxd6 35.Rxd6 Bxa2
36.Ra1 Rc1 37.Rxc1 Rxc1 38.Rxg6+ hxg6 39.Qxc1 Qd6 40.h4 Bf7 41.h5 Kh7 42.hxg6+ Kxg6
43.Qc2 b5 44.g4 Qe5 45.gxf5+ Kg7 46.Qe4 Qd6 47.Qh4 Bc4 48.Bf3 Qf6 49.Qxf6+ Kxf6
50.Be4 Ba2 51.f4 b4 52.Kf2 b3 53.Bd5 Kxf5 54.Kf3 Kf6 55.e4 Kg6 56.Ke3 Kh5
57.Kd4 Kg4 58.f5 Kg5 59.Ke5  1-0

[Event "2nd London Chess Classic"]
[Site "London ENG"]
[Date "2010.12.12"]
[Round "5"]
[White "Nakamura,Hi"]
[Black "Short,N"]
[Result "1-0"]
[WhiteElo "2741"]
[BlackElo "2680"]

1.e4 e5 2.Nf3 Nc6 3.Bb5 a6 4.Ba4 Nf6 5.O-O Be7 6.Re1 b5 7.Bb3 O-O 8.c3 d5
9.exd5 e4 10.dxc6 exf3 11.g3 Re8 12.d4 Bg4 13.Bg5 h6 14.Bxf6 Bxf6 15.Nd2 Qd6
16.h3 Bh5 17.Qc2 Bg5 18.Ne4 Qxc6 19.Nxg5 hxg5 20.Qf5 Rxe1+ 21.Rxe1 Re8 22.Re5 Rxe5
23.dxe5 Bg6 24.Qxg5 Qe4 25.Qd8+ Kh7 26.Qh4+ Qxh4 27.gxh4 f6 28.exf6 gxf6
29.Bd5 a5 30.b4 axb4 31.cxb4 Bd3 32.Kh2 Bc4 33.Be4+ Kh6 34.a3  1-0

[Event "20th Amber Blindfold"]
[Site "Monaco MNC"]
[Date "2011.03.12"]
[Round "1"]
[White "Nakamura,Hi"]
[Black "Carlsen,M"]
[Result "1/2-1/2"]
[WhiteElo "2774"]
[BlackElo "2815"]

1.d4 Nf6 2.c4 e6 3.Nc3 Bb4 4.e3 O-O 5.Bd3 c5 6.Ne2 d5 7.cxd5 cxd4 8.exd4 Nxd5
9.O-O Nc6 10.Bc2 Nf6 11.Bg5 Be7 12.a3 Qa5 13.Qd2 h6 14.Bh4 Rd8 15.Rfd1 Bd7
16.b4 Qh5 17.Bxf6 Bxf6 18.Ne4 Be7 19.Nf4 Qb5 20.d5 Ne5 21.Bb3 Rac8 22.Qe1 Qb6
23.dxe6 Bxe6 24.Nxe6 fxe6 25.Ng5 Bxg5 26.Qxe5 Kh8 27.Rxd8+ Rxd8 28.Rf1 a5
29.Qe4 axb4 30.Bc2 Kg8 31.axb4 Bf6 32.Bb3 Rd4 33.Qg6 Kf8 34.b5 Rd6 35.Qh5 Rd3
36.Bc4 Rd4 37.Qe2 Qc5 38.Bxe6 Qe5 39.Qxe5 Bxe5 40.g3 Rb4 41.Rd1 Rxb5 42.Rd7 Rb6
43.Bf5 Ke8 44.Rc7 Kd8 45.Rd7+ Ke8 46.Rc7 Kd8 47.Rf7 Ke8 48.Bg6 Kd8 49.Be4 Ke8
50.Rxb7 Rxb7 51.Bxb7 Kf8 52.Kg2 g5 53.Kf3 Kg7 54.Kg4 Bc7 55.h4 Bb6 56.f3 Bf2
57.hxg5 hxg5 58.Kxg5 Bxg3 59.f4 Bxf4+ 60.Kxf4  1/2-1/2

[Event "20th Amber Blindfold"]
[Site "Monaco MNC"]
[Date "2011.03.13"]
[Round "2"]
[White "Nakamura,Hi"]
[Black "Aronian,L"]
[Result "0-1"]
[WhiteElo "2774"]
[BlackElo "2808"]

1.d4 Nf6 2.c4 g6 3.g3 c6 4.Bg2 d5 5.cxd5 cxd5 6.Nf3 Bg7 7.Ne5 O-O 8.O-O Ng4
9.Nd3 Bxd4 10.h3 Nf6 11.Bh6 Re8 12.e3 Bb6 13.Nc3 Nc6 14.Na4 Bc7 15.Rc1 Bd6
16.Nc3 e6 17.Nb5 Bf8 18.Bf4 Nh5 19.Bc7 Qd7 20.Qa4 a6 21.Bb6 Nb4 22.Nxb4 Qxb5
23.Qxb5 axb5 24.Bc5 Nf6 25.a3 Bxc5 26.Rxc5 Bd7 27.Rfc1 Red8 28.f3 Ne8 29.e4 dxe4
30.fxe4 Nd6 31.e5 Nc4 32.Bxb7 Rab8 33.Rc7 Na5 34.Be4 Be8 35.Bd3 Kg7 36.R1c2 Nc4
37.Rc5 Rd4 38.Bxc4 bxc4 39.R5xc4 Rd1+ 40.Kg2 Ba4 41.Rf2 Rbd8 42.Rc7 Be8 43.Rfc2 Ba4
44.Rf2 Be8 45.Rfc2 R8d4 46.Kf3 Rf1+ 47.Ke3 Rdd1 48.Rd2 Rfe1+ 49.Re2 Rg1 50.Kf3 Bb5
51.Rf2 Rde1 52.Rc5 Ba4 53.Nc2 Rc1 54.b4 Rgd1 55.Rc7 Rd5 56.Ke4 Be8 57.Re7 Rd8
58.Nd4 Kf8 59.Ra7 Re1+ 60.Ne2 Bb5 61.Rfxf7+ Kg8 62.Rg7+ Kf8 63.Rxh7 Rxe2+
64.Kf4 Rf2+ 65.Ke3 Re2+ 66.Kf4 Rf2+ 67.Ke3 Re2+ 68.Kf3 Kg8 69.Rag7+ Kf8 70.Rc7 Kg8
71.Rc4 Bxc4  0-1

[Event "20th Amber Blindfold"]
[Site "Monaco MNC"]
[Date "2011.03.14"]
[Round "3"]
[White "Ivanchuk,V"]
[Black "Nakamura,Hi"]
[Result "0-1"]
[WhiteElo "2779"]
[BlackElo "2774"]

1.e4 e5 2.Nf3 Nc6 3.Bb5 Nf6 4.d3 Bc5 5.c3 O-O 6.O-O d5 7.Qc2 Re8 8.Bg5 dxe4
9.dxe4 h6 10.Bh4 g5 11.Bg3 Nh5 12.Nbd2 Qf6 13.Nc4 Nf4 14.b4 Bb6 15.Nxb6 axb6
16.Nd2 Be6 17.f3 h5 18.a4 Red8 19.Rae1 Ne7 20.Bf2 h4 21.Be3 h3 22.g3 Ng2
23.Re2 c6 24.Bd3 b5 25.a5 Rd7 26.Bb6 Nc8 27.Bc5 Qd8  0-1

[Event "20th Amber Blindfold"]
[Site "Monaco MNC"]
[Date "2011.03.15"]
[Round "4"]
[White "Nakamura,Hi"]
[Black "Gashimov,V"]
[Result "1/2-1/2"]
[WhiteElo "2774"]
[BlackElo "2746"]

1.d4 d5 2.c4 c6 3.Nc3 Nf6 4.Nf3 dxc4 5.a4 e6 6.e3 c5 7.Bxc4 cxd4 8.exd4 Nc6
9.O-O Be7 10.Qe2 O-O 11.Rd1 Nb4 12.Ne5 Bd7 13.Be3 Bc6 14.a5 a6 15.Nxc6 bxc6
16.Rdc1 Qc7 17.Na4 Nfd5 18.Bd2 Rfb8 19.Nc5 Bxc5 20.dxc5 Nf4 21.Qe4 Nbd5 22.b3 Ng6
23.Qe2 Qb7 24.Ra4 Rd8 25.g3 Nge7 26.Rb1 Nf5 27.Bd3 Qd7 28.Bc2 Nc7 29.Rd1 Nb5
30.Qe4 h5 31.Bg5 Qxd1+ 32.Bxd1 Rxd1+ 33.Kg2 Rd5 34.Rc4 Ra7 35.Qf3 f6 36.Be3 Rad7
37.Re4 Re7 38.Bf4 Nfd4 39.Qd3 Nf5 40.Qf3 Nfd4 41.Qd3 Nf5 42.Qc2 e5 43.Be3 Red7
44.Qe2 g6 45.Qc4 Kg7 46.f4 Nxe3+ 47.Rxe3 Rd2+ 48.Re2 e4 49.Kf2 f5 50.Rxd2 Rxd2+
51.Ke1 Rd5 52.h3 Kf6 53.g4 h4 54.b4 Rd8 55.gxf5 gxf5 56.Qe2 Nc3 57.Qh5 Rd1+
58.Kf2 Rd2+ 59.Ke1 Rd1+ 60.Kf2 Rd2+ 61.Ke1 Rd1+  1/2-1/2

[Event "20th Amber Blindfold"]
[Site "Monaco MNC"]
[Date "2011.03.17"]
[Round "5"]
[White "Giri,A"]
[Black "Nakamura,Hi"]
[Result "1-0"]
[WhiteElo "2690"]
[BlackElo "2774"]

1.e4 e5 2.Nf3 Nc6 3.Bb5 a6 4.Ba4 Nf6 5.O-O Be7 6.Re1 b5 7.Bb3 O-O 8.h3 d6
9.c3 Na5 10.Bc2 c5 11.d4 Nd7 12.Nbd2 exd4 13.cxd4 Nc6 14.Nf1 Bf6 15.Be3 Bb7
16.Ng3 g6 17.Rc1 Rc8 18.Bb1 Re8 19.Qd2 Qa5 20.e5 cxd4 21.Rxc6 Qxd2 22.Bxd2 Bxc6
23.exf6 Bxf3 24.Rxe8+ Rxe8 25.gxf3 d5 26.b3 Ne5 27.Kf1 Nxf3 28.Bb4 Re6 29.Ne2 Rxf6
30.Kg2 Kg7 31.Kg3 g5 32.Kg2 Nh4+ 33.Kf1 Rc6 34.Ba3 Nf3 35.Bb4 Kf6 36.Kg2 Nh4+
37.Kg3 Ke5 38.Bd2 Rf6 39.f4+ gxf4+ 40.Bxf4+ Rxf4 41.Nxf4 Ng6 42.Nxg6+ fxg6
43.Bd3 b4 44.Kg4 a5 45.h4 Kf6 46.Kf4 h6 47.Kg4 Kf7 48.Kf3 Kg7 49.Kg3 Kf7
50.Kg4 Kg7 51.h5 g5 52.Kf5 Kf7 53.Be2 Ke7 54.Ke5  1-0

[Event "20th Amber Rapid"]
[Site "Monaco MNC"]
[Date "2011.03.17"]
[Round "5"]
[White "Nakamura,Hi"]
[Black "Giri,A"]
[Result "1/2-1/2"]
[WhiteElo "2774"]
[BlackElo "2690"]

1.d4 Nf6 2.c4 g6 3.Nc3 d5 4.Nf3 Bg7 5.Bg5 Ne4 6.cxd5 Nxg5 7.Nxg5 e6 8.Qd2 exd5
9.Qe3+ Kf8 10.Qf4 Bf6 11.h4 h6 12.Nf3 Kg7 13.g3 c6 14.Bg2 Na6 15.O-O-O Qc7
16.Qe3 Bf5 17.Ne5 Rae8 18.f4 Bd8 19.Qf3 h5 20.Bh3 f6 21.Bxf5 fxe5 22.Bc2 exd4
23.Rxd4 Bf6 24.Qd3 Qf7 25.e4 Nc5 26.Qe3 dxe4 27.Rd6 Nd3+ 28.Bxd3 exd3 29.Qxd3 Rd8
30.Re1 Rxd6 31.Qxd6 Re8 32.Rxe8 Qxe8 33.Kd2 Kf7 34.Kd3 Bxc3 35.bxc3 Qe6 36.Qc7+ Qe7
37.Qb8 Qd7+ 38.Kc2 b6 39.Qa8 Qf5+ 40.Kc1 Qd7 41.f5 gxf5 42.Qh8 Qd3 43.Qxh5+ Kg7
44.Qg5+ Kf7 45.Kb2 Qb5+ 46.Kc2 Qd5 47.Kb2 Qb5+ 48.Kc1 Qd3 49.Kb2 Qb5+ 50.Kc2  1/2-1/2

[Event "20th Amber Rapid"]
[Site "Monaco MNC"]
[Date "2011.03.18"]
[Round "6"]
[White "Nakamura,Hi"]
[Black "Gelfand,B"]
[Result "0-1"]
[WhiteElo "2774"]
[BlackElo "2733"]

1.d4 Nf6 2.c4 e6 3.Nc3 Bb4 4.e3 O-O 5.Bd3 d5 6.cxd5 exd5 7.Ne2 Re8 8.O-O Bf8
9.Bd2 b6 10.Rc1 c5 11.Nf4 Ba6 12.Qf3 Bxd3 13.Nxd3 Nc6 14.dxc5 bxc5 15.Rfd1 c4
16.Nf4 Ne5 17.Qh3 Rb8 18.Rc2 Nd3 19.Qf3 d4 20.exd4 Rxb2 21.Rxb2 Nxb2 22.Rc1 Qxd4
23.Be3 Qe5 24.g3 Nd3 25.Nxd3 cxd3 26.Bd2 Qd4 27.Rb1 Qc4 28.Rb3 Bb4 29.Kg2 a5
30.Nb1 Rd8 31.Bxb4 axb4 32.Nd2 Qc2 33.Qf4 Nd5 34.Qh4 f6 35.Qc4 Qxd2  0-1

[Event "20th Amber Blindfold"]
[Site "Monaco MNC"]
[Date "2011.03.18"]
[Round "6"]
[White "Gelfand,B"]
[Black "Nakamura,Hi"]
[Result "1/2-1/2"]
[WhiteElo "2733"]
[BlackElo "2774"]

1.d4 Nf6 2.c4 g6 3.Nc3 Bg7 4.Nf3 O-O 5.g3 d6 6.Bg2 c6 7.O-O Nbd7 8.e4 e5
9.h3 Qb6 10.Re1 exd4 11.Nxd4 Re8 12.Re2 Nc5 13.Be3 Qa6 14.Bf4 Qxc4 15.Rc2 Nfxe4
16.Nxe4 Qxd4 17.Nxd6 Rd8 18.Rd2 Qb4 19.Rc1 Ne6 20.Be3 Qa5 21.Qb3 Qxd2 22.Bxd2 Rxd6
23.Be3 Nd4 24.Qb4 Rd8 25.Kh2 a5 26.Qe7 Bd7 27.Bxd4 Bxd4 28.Rd1 Be6 29.Qxb7 Rab8
30.Qc7 Rdc8 31.Qxc8+ Rxc8 32.Rxd4 Bxa2 33.Ra4  1/2-1/2

[Event "20th Amber Rapid"]
[Site "Monaco MNC"]
[Date "2011.03.19"]
[Round "7"]
[White "Anand,V"]
[Black "Nakamura,Hi"]
[Result "1/2-1/2"]
[WhiteElo "2817"]
[BlackElo "2774"]

1.e4 e6 2.d4 d5 3.Nc3 Nf6 4.Bg5 Bb4 5.e5 h6 6.Bd2 Bxc3 7.bxc3 Ne4 8.Qg4 g6
9.Bd3 Nxd2 10.Kxd2 c5 11.Nf3 Nc6 12.dxc5 Qa5 13.Qf4 Qxc5 14.Nd4 Bd7 15.Rhb1 O-O-O
16.Rb5 Qe7 17.Rab1 b6 18.Nxc6 Bxc6 19.R5b4 g5 20.Qe3 Qc5 21.f4 gxf4 22.Rxf4 Rhg8
23.g3 Qxe3+ 24.Kxe3 Rg5 25.Rxf7 Rxe5+ 26.Kf4 Rh5 27.g4 Rxh2 28.Rxa7 Rd7 29.Ra6 Kc7
30.Kg3 Rd2 31.Rbxb6 Bb7 32.Rxb7+ Kxb7 33.Rxe6 Rc7 34.Rxh6 Rxc3 35.Kf4 Rf2+
36.Ke5 Rg2 37.Rg6 Ra3 38.Kxd5 Rxa2 39.Be4 Re2 40.c4 Rad2+ 41.Ke5+ Kc7 42.Kf5 Rf2+
43.Kg5 Rd4 44.Bd5 Kd7 45.Kh6 Re2 46.Rg7+ Kd6 47.g5 Re5 48.Rf7 Rh4+ 49.Kg6 Rg4
50.Rf5 Rg1 51.Kf6 Rxf5+ 52.Kxf5 Rf1+ 53.Kg6 Ke5 54.Kg7 Rf4 55.g6 Kf5 56.Bf7 Rd4
57.c5 Rd8 58.c6 Rc8 59.Bd5 Rc7+ 60.Kh6 Kf6 61.Kh5 Ra7 62.Bf7 Kg7 63.Kg5 Ra5+
64.Kf4 Rc5 65.Be8 Rxc6  1/2-1/2

[Event "20th Amber Blindfold"]
[Site "Monaco MNC"]
[Date "2011.03.19"]
[Round "7"]
[White "Nakamura,Hi"]
[Black "Anand,V"]
[Result "1/2-1/2"]
[WhiteElo "2774"]
[BlackElo "2817"]

1.d4 Nf6 2.Bg5 e6 3.e4 h6 4.Bxf6 Qxf6 5.c3 d6 6.Bd3 e5 7.Ne2 g6 8.O-O Bg7
9.f4 Qe7 10.Nd2 O-O 11.Nf3 Bg4 12.Qd2 Nd7 13.h3 Bxf3 14.Rxf3 c5 15.dxe5 dxe5
16.f5 c4 17.Bxc4 Qc5+ 18.Rf2 Nf6 19.Bd5 Rad8 20.Ng3 gxf5 21.Qe2 fxe4 22.Bxe4 Nxe4
23.Qxe4 Rd2 24.Rf1 Rxb2 25.Nf5 Kh8 26.Qh4 Rxf2 27.Rxf2 Qxc3 28.Nxg7 Kxg7
29.Qf6+ Kh7 30.Qe7 Qc8 31.Rf6 b6 32.Qxe5 Qc5+ 33.Qxc5 bxc5 34.Rc6 Re8 35.Rxc5 Re7
36.Kf2 Kg7 37.a4 Kg6 38.Ra5 h5 39.Kg3 f6 40.Kf3 Rc7 41.Ke4 h4 42.Kf3 Rc3+
43.Kf2 Rc2+ 44.Kg1 Rc1+ 45.Kh2 Rc7 46.g4 Rc2+ 47.Kg1 Rc3 48.Kg2 Rc2+ 49.Kh1 Rc1+
50.Kg2 Rc2+ 51.Kg1 Rc1+ 52.Kg2 Rc2+  1/2-1/2

[Event "20th Amber Blindfold"]
[Site "Monaco MNC"]
[Date "2011.03.20"]
[Round "8"]
[White "Grischuk,A"]
[Black "Nakamura,Hi"]
[Result "1/2-1/2"]
[WhiteElo "2747"]
[BlackElo "2774"]

1.d4 f5 2.Nc3 d5 3.Bf4 Nf6 4.Nb5 Na6 5.c4 e6 6.Nf3 dxc4 7.g3 Bd7 8.Nc3 Bc6
9.Bg2 Bd6 10.O-O O-O 11.Rc1 Nb4 12.b3 cxb3 13.Qxb3 Nbd5 14.Ne5 Bxe5 15.Bxe5 Qd7
16.Nxd5 Nxd5 17.Rc4 a5 18.Rfc1 Ra6 19.Rc5 a4 20.Qa3 Rb6 21.Bxd5 exd5 22.R5c2 Rf7
23.Qe3 h6 24.h3 Rb4 25.f3 Qe6 26.Qd3 Bb5 27.Qd2 Rc4 28.Kh2 c6 29.Rg1 Qe7
30.g4 f4 31.Rxc4 Bxc4 32.Rg2 Qg5 33.a3 b5 34.Qa5 c5 35.Qb6 b4 36.axb4 cxb4
37.Qxb4 Bb3 38.Qd6 Kh7 39.Qb4 Ra7 40.Qb6 Qe7 41.g5 hxg5 42.h4 a3 43.Rxg5 a2
44.Rh5+ Kg8 45.Qb8+ Kf7 46.Qxb3 Qd8 47.Qd3 a1=Q 48.Qf5+ Ke7 49.Rh7 Qg8 50.Bxg7 Qxh7
51.Qxh7 Qe1 52.Be5+ Ke8 53.Qg8+ Ke7 54.Qg7+ Ke8 55.Qg6+ Rf7 56.Qe6+ Kf8 57.Bd6+ Kg7
58.Be5+ Kf8 59.Qc8+ Ke7 60.Qc7+ Ke8 61.Qc6+ Ke7 62.Qb7+ Ke8 63.Qc8+ Ke7 64.Qc5+ Ke8
65.Qc6+ Ke7 66.Qd6+ Ke8 67.Qe6+ Kf8  1/2-1/2

[Event "20th Amber Rapid"]
[Site "Monaco MNC"]
[Date "2011.03.20"]
[Round "8"]
[White "Nakamura,Hi"]
[Black "Grischuk,A"]
[Result "1-0"]
[WhiteElo "2774"]
[BlackElo "2747"]

1.d4 Nf6 2.c4 g6 3.Nc3 Bg7 4.e4 d6 5.Nf3 O-O 6.h3 e5 7.d5 Nh5 8.Nh2 Na6 9.Ng4 Qe8
10.Ne3 Kh8 11.a3 f5 12.b4 Nf6 13.Bd3 c5 14.Rb1 f4 15.Nf1 Bd7 16.Nh2 Qe7 17.Bd2 g5
18.Ng4 Ng8 19.h4 gxh4 20.Nh2 Bf6 21.Nb5 Rf7 22.Be2 Nh6 23.Ng4 Nxg4 24.Bxg4 Rg7
25.Bxd7 Qxd7 26.Qf3 cxb4 27.axb4 Nc7 28.Na3 Rag8 29.Rh2 b6 30.Kf1 Ne8 31.Ra1 Qc8
32.Rc1 Qd7 33.Nc2 Be7 34.Ne1 Nf6 35.Bc3 Rc8 36.Qe2 Qe8 37.Nf3 Qg6 38.Re1 Ng4
39.Rh3 a5 40.bxa5 b5 41.a6 Bd8 42.Ra1 Bb6 43.Nxh4 Qg5 44.Be1 Rxc4 45.Nf5 Rg8
46.Nxd6 Rc7 47.Qf3 Bd4 48.Rc1 Ra7 49.Rc6 b4 50.Nb5 Rf7 51.a7 b3 52.Nxd4 exd4
53.Qd3 Ne5 54.Qxd4 Qxg2+ 55.Ke2 Qg4+ 56.f3 Qg7 57.Bc3 Re7 58.Rh5 Nxc6 59.dxc6 b2
60.Qxg7+ Rexg7 61.Bxb2  1-0

[Event "20th Amber Rapid"]
[Site "Monaco MNC"]
[Date "2011.03.22"]
[Round "9"]
[White "Topalov,V"]
[Black "Nakamura,Hi"]
[Result "1-0"]
[WhiteElo "2775"]
[BlackElo "2774"]

1.e4 e6 2.d4 d5 3.Nc3 Nf6 4.e5 Nfd7 5.f4 c5 6.Nf3 Nc6 7.Be3 cxd4 8.Nxd4 Qb6
9.Qd2 Qxb2 10.Rb1 Qa3 11.Bb5 Nxd4 12.Bxd4 a6 13.Rb3 Qe7 14.Ba4 b5 15.Bxb5 axb5
16.Nxb5 Qd8 17.Qc3 Qa5 18.Nc7+ Kd8 19.Nxa8 Qxa8 20.O-O Qa4 21.Kh1 Be7 22.Rfb1 f6
23.exf6 gxf6 24.Rb6 Qxa2 25.Re1 Qc4 26.Rbxe6 Bb4 27.Bxf6+ Nxf6 28.Qxf6+ Kc7
29.Re7+ Bd7 30.Qe5+ Kc6 31.Qxh8 Bxe7 32.Qa8+ Kc7 33.Qa7+ Kd8 34.Qb8+ Bc8
35.Qe5 Bc5 36.f5 Qxc2 37.f6 Qf5 38.Qe8+ Kc7 39.Rc1 Kb6 40.f7 d4 41.Qd8+ Kb5
42.Qc7  1-0

[Event "20th Amber Blindfold"]
[Site "Monaco MNC"]
[Date "2011.03.22"]
[Round "9"]
[White "Nakamura,Hi"]
[Black "Topalov,V"]
[Result "1-0"]
[WhiteElo "2774"]
[BlackElo "2775"]

1.d4 Nf6 2.c4 g6 3.g3 Bg7 4.Bg2 d5 5.cxd5 Nxd5 6.e4 Nb6 7.Ne2 c5 8.d5 O-O
9.O-O e6 10.Nec3 Na6 11.a4 exd5 12.exd5 Nc4 13.Na3 Ne5 14.h3 Nb4 15.Be3 b6
16.Qe2 Bf5 17.Rfd1 Qd7 18.Kh2 Rae8 19.Qd2 h5 20.Bh6 h4 21.g4 Bxg4 22.Bxg7 Kxg7
23.hxg4 h3 24.Be4 Nxg4+ 25.Kh1 f5 26.Bf3 Qd6 27.Bxg4 fxg4 28.Rg1 Qf6 29.Rg3 Qxf2
30.Qxf2 Rxf2 31.Rd1 Rf4 32.Nab5 Re7 33.d6 Rd7 34.Re3 Nc6 35.Nd5 Rf2 36.Rg3 Ne5
37.Ne3 Rf4 38.Rd5 Kf6 39.b3 a6 40.Nc7 Re4 41.a5 bxa5 42.Nxa6  1-0

[Event "20th Amber Rapid"]
[Site "Monaco MNC"]
[Date "2011.03.23"]
[Round "10"]
[White "Nakamura,Hi"]
[Black "Karjakin,Sergey"]
[Result "1/2-1/2"]
[WhiteElo "2774"]
[BlackElo "2776"]

1.d4 Nf6 2.c4 e6 3.Nc3 Bb4 4.Nf3 c5 5.g3 cxd4 6.Nxd4 Ne4 7.Qd3 Nxc3 8.bxc3 Be7
9.Bf4 Nc6 10.Bg2 O-O 11.O-O g5 12.Bc1 Ne5 13.Qc2 Nxc4 14.e4 Qa5 15.Rb1 Na3
16.Bxa3 Qxa3 17.e5 d5 18.f4 gxf4 19.Rxf4 f5 20.exf6 Bxf6 21.Rbf1 Qe7 22.Qf2 Bg7
23.Qe3 Bd7 24.Bxd5 Rxf4 25.Rxf4 Qc5 26.Bxe6+ Bxe6 27.Qxe6+ Kh8 28.Kg2 Qxc3
29.Nf3 Qc2+ 30.Kh3 Qc8 31.Qxc8+ Rxc8 32.Rf7 Rb8 33.Ng5 a5 34.Ne6 Bb2 35.Kg4 a4
36.Kf5 b5 37.Ra7 a3 38.Ng5 Rf8+ 39.Ke4 Re8+ 40.Kd3 Rd8+ 41.Kc2 Rd5 42.Rxh7+ Kg8
43.Rh5 b4 44.g4 Rd2+ 45.Kb3 Bc3 46.Ne4 Rb2+ 47.Kc4 Rxa2 48.Nxc3 bxc3 49.Kxc3 Rg2
50.Ra5 Rxg4 51.Rxa3 Rh4 52.Rb3 Rh3+ 53.Kb4 Rxb3+ 54.Kxb3 Kg7 55.h4 Kg6 56.h5+ Kxh5  1/2-1/2

[Event "20th Amber Blindfold"]
[Site "Monaco MNC"]
[Date "2011.03.23"]
[Round "10"]
[White "Karjakin,Sergey"]
[Black "Nakamura,Hi"]
[Result "1/2-1/2"]
[WhiteElo "2776"]
[BlackElo "2774"]

1.e4 e6 2.d4 d5 3.Nc3 Nf6 4.e5 Nfd7 5.f4 c5 6.Nf3 Nc6 7.Be3 cxd4 8.Nxd4 Qb6
9.Qd2 Qxb2 10.Rb1 Qa3 11.Bb5 Nxd4 12.Bxd4 a6 13.Bxd7+ Bxd7 14.Rb3 Qe7 15.Rxb7 Qh4+
16.Bf2 Qd8 17.O-O Qc8 18.Rb3 Qc4 19.Ne2 Be7 20.Rfb1 O-O 21.Rb7 Qc8 22.Qc3 Bd8
23.Qxc8 Bxc8 24.Rb8 Rxb8 25.Rxb8 Bc7 26.Ra8 Bd7 27.Ra7 Rc8 28.Nc3 g5 29.g3 gxf4
30.gxf4 Kg7 31.f5 Kh6 32.Be3+ Kh5 33.Ne2 Kg4 34.Nd4 exf5 35.Kg2 f4 36.h3+ Kg5
37.Bf2 Bf5 38.Bh4+ Kg6 39.Rxa6+ Be6 40.Nxe6 fxe6 41.Rc6 Kh5 42.Bf6 Rg8+ 43.Kf3 Ba5
44.Kxf4 Bd2+ 45.Kf3 Re8 46.Rc7 Ra8 47.Ke2 Bf4 48.Rc6 Rxa2 49.Kd3 Ra3+ 50.c3 Ra2
51.Kd4 Kg6 52.Rxe6 Kf5 53.Re8 Rd2+ 54.Kc5 Rd3 55.Bg7 Rxc3+ 56.Kd4 Rxh3 57.Rf8+ Kg4
58.e6 Re3 59.Kxd5 Bg5 60.Be5 Ra3 61.Bd6 Re3 62.Rf7 h5 63.e7 Bxe7 64.Bxe7 h4
65.Rg7+ Kh5 66.Kd4 Re6 67.Kd5 Re2 68.Bf6 Re3 69.Rg5+ Kh6 70.Rg8 h3 71.Bd4 Ra3
72.Ke4 h2 73.Rh8+ Kg6 74.Rxh2 Ra4 75.Rf2 Ra8 76.Rg2+ Kf7 77.Rg7+ Ke6 78.Rg6+ Kf7
79.Rh6 Ra4 80.Rd6 Ke7 81.Rc6 Kd7 82.Rh6 Ke7 83.Kd5 Ra5+ 84.Bc5+ Kf7 85.Rc6 Ra8
86.Ke5 Ra1 87.Rf6+ Kg7 88.Bf8+ Kg8 89.Bh6 Re1+ 90.Kf5 Rg1 91.Bg5 Rf1+ 92.Bf4 Kg7
93.Rb6 Kf7 94.Rb7+ Kf8 95.Ra7 Rf2 96.Ke5 Kg8 97.Bg5 Rf7 98.Ra6 Kg7 99.Bf6+ Kg6
100.Rc6 Ra7 101.Bd8+ Kf7 102.Kf5 Ke8 103.Bf6 Kd7 104.Rc4 Ra5+ 105.Be5 Ra7
106.Rc2 Rb7 107.Rd2+ Kc6 108.Ke6 Rb5 109.Bd4 Rh5 110.Rc2+ Kb5 111.Be5 Kb4
112.Kd5 Kb3 113.Rb2+ Ka3 114.Rb8 Rg5 115.Kd4 Ka4 116.Bd6 Rb5 117.Rc8 Kb3
118.Rc3+ Kb2 119.Kc4 Rh5 120.Rf3 Rh4+ 121.Bf4 Rg4 122.Rf2+ Ka3 123.Kc3 Ka4
124.Kc4  1/2-1/2

[Event "20th Amber Rapid"]
[Site "Monaco MNC"]
[Date "2011.03.24"]
[Round "11"]
[White "Kramnik,V"]
[Black "Nakamura,Hi"]
[Result "0-1"]
[WhiteElo "2785"]
[BlackElo "2774"]

1.Nf3 Nf6 2.c4 g6 3.Nc3 Bg7 4.e4 d6 5.d4 O-O 6.Be2 e5 7.O-O Nc6 8.d5 Ne7
9.Nd2 a5 10.a3 Kh8 11.Rb1 Nd7 12.b4 f5 13.f3 f4 14.Nb5 b6 15.Qc2 a4 16.Rd1 g5
17.g4 h5 18.h3 Rf6 19.Bb2 Rh6 20.Kg2 Ng6 21.Rh1 Bf8 22.Kf2 Nf6 23.c5 dxc5
24.Nc4 Bd6 25.Bc3 Kg7 26.Qb2 cxb4 27.axb4 Qe7 28.Rbg1 Bd7 29.Nbxd6 cxd6 30.h4 hxg4
31.hxg5 Nxe4+ 32.fxe4 Rxh1 33.Rxh1 f3 34.Nxb6 g3+ 35.Kxf3 Rf8+ 36.Ke3 Qxg5+
37.Kd3 Bb5+ 38.Kc2 Rf2 39.Bd2 Rxe2 40.Qc3 g2 41.Rg1 a3 42.Kc1 Rxd2 43.Qxd2 a2
44.Kc2 Qxd2+ 45.Kxd2 Bf1  0-1

[Event "Nakamura-Ponomariov Classical Match"]
[Site "Saint Louis USA"]
[Date "2011.05.17"]
[Round "1"]
[White "Ponomariov,R"]
[Black "Nakamura,Hi"]
[Result "1-0"]
[WhiteElo "2754"]
[BlackElo "2774"]

1.d4 Nf6 2.c4 g6 3.Nc3 Bg7 4.e4 d6 5.Nf3 O-O 6.Be2 e5 7.O-O Nc6 8.d5 Ne7
9.Ne1 Nd7 10.Be3 f5 11.f3 f4 12.Bf2 g5 13.g4 h5 14.h3 Rf6 15.Nd3 Rh6 16.Kg2 c5
17.dxc6 Nxc6 18.c5 dxc5 19.Nxc5 Nd4 20.Bc4+ Kh7 21.Nb3 Nf6 22.Nxd4 exd4 23.e5 hxg4
24.hxg4 Nxg4 25.fxg4 Bxe5 26.Rh1 Qd7 27.Ne4 Rxh1 28.Qxh1+ Kg7 29.Qh5 Qxg4+
30.Qxg4 Bxg4 31.Nxg5 d3 32.Bxd3 Rd8 33.Be2 Bf5 34.Rd1 Rxd1 35.Bxd1 Bxb2 36.Bxa7 Kf6
37.Nf3 Bd3 38.Kf2 Bc1 39.Bb3 Be4 40.Ke2 Ke7 41.Bb8 Be3 42.Be5 Kd7 43.Ng5 Bc6
44.Bc4 Bc1 45.Nf3 Be3 46.Bc3 Kd6 47.Bb4+ Kc7 48.Ne5 Be8 49.Bd5 Bh5+ 50.Kd3 Bc1
51.Bc5 b5 52.Ke4 Bd2 53.Nf3 Bg6+ 54.Ke5 Be3 55.Bxe3 fxe3 56.Kd4 e2 57.Ke3 Kd6
58.Bg8 Kc5 59.Kxe2 Bh5 60.Ke3 Kb4 61.Nd4 Bg6 62.Kd2 Kc5 63.Nc2 Bf5 64.Kc3 Be4
65.a3 Kb6 66.Nd4 Ka5 67.Bb3 Bg2 68.Bc2 Bf1 69.Nb3+ Ka4 70.Nd2+ Kxa3 71.Bb3 Bd3
72.Kxd3 Kb2 73.Be6 Kc1 74.Nb3+ Kb2 75.Kd2 b4 76.Kd3 Ka3 77.Kc4 Ka4 78.Bf5 Ka3
79.Nc5 Kb2 80.Kxb4 Ka2 81.Kc3 Ka1 82.Nb3+ Ka2 83.Be4 Ka3 84.Bb1 Ka4 85.Nd4 Ka5
86.Kc4 Kb6 87.Nb5 Kb7 88.Bf5 Kc6 89.Bc8 Kb6 90.Bd7 Kb7 91.Kc5 Ka6 92.Nd6 Ka5
93.Nb7+  1-0